000 00475nam a2200157Ia 4500
008 240729s9999 xx 000 0 und d
022 _a2523-8930
245 0 _aMeasurement Instruments for the Social Sciences
260 _aGermany
260 _bPsychOpen GOLD/ Leibniz Institute for Psychology
650 _a Social sciences (General)
650 _aSocial Sciences
856 _uhttps://doaj.org/toc/be08c4016e664470beab653bddee660f
942 _2ddc
942 _cDOAJEJ
999 _c69114
_d69114
945 _a1
_bMadushi Gamage
_c1
_dMadushi Gamage